[Event "World Rapid Team 2023"]
[Site "Dusseldorf GER"]
[Date "2023.08.28"]
[Round "9.11"]
[Board "1"]
[White "Krastev, Alexander"]
[Black "Fromm, Marius"]
[Result "1-0"]
[WhiteTitle "IM"]
[BlackTitle "FM"]
[WhiteElo "2411"]
[BlackElo "2458"]
[WhiteTeam "Schachverein Hemer"]
[BlackTeam "Doppelbauer Kiel"]
[WhiteFideId "12989983"]
[BlackFideId "12993190"]
[EventDate "2023.08.26"]

1. e4 e6 2. d3 d5 3. Qe2 Be7 4. Nf3 Nc6 5. g3 dxe4 6. dxe4 e5 7. Bg2 Nf6 8. Nbd2
Bc5 9. c3 a5 10. O-O O-O 11. Nc4 Qe7 12. Nh4 Bg4 13. Qc2 Qe6 14. b3 Bh3 15. Nf5
Bxg2 16. Kxg2 b5 17. Be3 Bxe3 18. Ncxe3 g6 19. Nh4 a4 20. b4 Rfd8 21. Rfd1 Ne7
22. Nf3 Qc6 23. Nxe5 Qxe4+ 24. Qxe4 Nxe4 25. c4 c6 26. Rac1 Rxd1 27. Rxd1 f6 28.
Nf3 Kf7 29. a3 Ra7 30. Rd8 Rb7 31. Nd4 Ng5 32. c5 Ne6 33. Nxe6 Kxe6 34. Rd6+ Kf7
35. Ng4 Nd5 36. Rxc6 h5 37. Ne3 Nc3 38. Rd6 Nb1 39. c6 Rb8 40. Nd5 Rc8 41. Rxf6+
Ke8 42. Re6+ Kf7 43. Re7+ Kf8 44. c7 Nxa3 45. Rd7 Ke8 46. Nf6+ 1-0

[Event "World Rapid Team 2023"]
[Site "Dusseldorf GER"]
[Date "2023.08.28"]
[Round "9.11"]
[Board "2"]
[White "Arndt, Magnus"]
[Black "Bagrationi, Alexander"]
[Result "1/2-1/2"]
[WhiteTitle "FM"]
[BlackTitle "GM"]
[WhiteElo "2405"]
[BlackElo "2440"]
[WhiteTeam "Doppelbauer Kiel"]
[BlackTeam "Schachverein Hemer"]
[WhiteFideId "12998656"]
[BlackFideId "14104954"]
[EventDate "2023.08.26"]

1. d4 g6 2. e4 Bg7 3. Nf3 d6 4. h3 a6 5. Bd3 c5 6. c3 Nf6 7. O-O O-O 8. a4 Qc7
9. Bf4 Nh5 10. Be3 e5 11. Nbd2 Nf4 12. Nc4 Nxd3 13. Qxd3 b6 14. dxe5 dxe5 15. a5
b5 16. Nb6 Ra7 17. Nd5 Qd6 18. b4 Nd7 19. Rfd1 Rb7 20. Qe2 Re8 21. Rd2 Qc6 22.
Rad1 Bf8 23. Nh2 h5 24. Qf3 Re6 25. g4 Nf6 26. Bg5 Nh7 27. Be3 hxg4 28. hxg4 c4
29. g5 f5 30. gxf6 Nxf6 31. Ng4 Nxg4 32. Qxg4 Rf7 33. Kg2 Rd6 34. Qg3 Qe8 35.
Rh1 Qe6 36. f3 Bg7 37. Bc5 Rd8 38. Qh4 Rfd7 39. Bb6 Re8 40. Rf2 Rxd5 41. exd5
Qxd5 42. Qg5 Bf5 43. Rd2 Bd3 44. Qxg6 Qxf3+ 45. Kxf3 Bxg6 46. Rg1 Re6 47. Rdg2
Kf7 48. Ke2 Bh6 49. Be3 Bh5+ 50. Rg4 Rg6 51. Bxh6 Bxg4+ 52. Kd2 Rxh6 53. Rxg4
Rd6+ 54. Ke3 Ke6 55. Rg6+ Kd5 56. Rg8 Rh6 57. Rd8+ Ke6 58. Ra8 Kf5 59. Rf8+ Rf6
60. Rg8 Rd6 61. Rf8+ Ke6 62. Ra8 Rd3+ 63. Ke4 Rxc3 64. Rxa6+ Kd7 65. Rb6 Rc1 66.
Rxb5 Re1+ 67. Kf3 e4+ 68. Kf2 Rb1 69. a6 Ra1 70. Rc5 Rxa6 71. Rxc4 Ra3 72. Rxe4
Kc6 73. Re3 Rxe3 74. Kxe3 Kb5 75. Kd3 Kxb4 76. Ke4 1/2-1/2

[Event "World Rapid Team 2023"]
[Site "Dusseldorf GER"]
[Date "2023.08.28"]
[Round "9.11"]
[Board "3"]
[White "Voicu-Jagodzinsky, Carmen"]
[Black "Ermitsch, Magnus"]
[Result "0-1"]
[WhiteTitle "WGM"]
[BlackTitle "FM"]
[WhiteElo "2264"]
[BlackElo "2221"]
[WhiteTeam "Schachverein Hemer"]
[BlackTeam "Doppelbauer Kiel"]
[WhiteFideId "1206729"]
[BlackFideId "16234464"]
[EventDate "2023.08.26"]

1. Nf3 d5 2. g3 Nf6 3. Bg2 c5 4. c4 dxc4 5. Na3 Nbd7 6. Nxc4 b5 7. Ne3 Bb7 8.
O-O e6 9. a4 a6 10. b3 Be7 11. Bb2 O-O 12. d3 Qb6 13. Qc2 Rac8 14. h4 Rfd8 15.
Qc3 Bf8 16. Rfc1 Nd5 17. Nxd5 exd5 18. d4 c4 19. axb5 axb5 20. b4 Ra8 21. Qd2
Qd6 22. Bc3 Nb6 23. Qf4 Qxf4 24. gxf4 Rxa1 25. Rxa1 Ra8 26. Rxa8 Bxa8 27. Ne5 f6
28. Ng4 Na4 29. Be1 c3 30. Ne3 Bxb4 31. Bh3 Nb6 32. Be6+ Kh8 33. h5 h6 34. f3
Nc4 35. Nc2 Ba5 36. e4 b4 37. Bxc3 b3 38. Ne1 Bxc3 39. Nd3 Bxd4+ 40. Kg2 b2 41.
Nxb2 Bxb2 42. exd5 Bxd5 0-1

[Event "World Rapid Team 2023"]
[Site "Dusseldorf GER"]
[Date "2023.08.28"]
[Round "9.11"]
[Board "4"]
[White "Stegert, Jonas"]
[Black "Runte, Moritz"]
[Result "0-1"]
[WhiteElo "1832"]
[BlackElo "2185"]
[WhiteTeam "Doppelbauer Kiel"]
[BlackTeam "Schachverein Hemer"]
[WhiteFideId "16247965"]
[BlackFideId "12991449"]
[EventDate "2023.08.26"]

1. d4 d5 2. c4 c6 3. Nc3 Nf6 4. Nf3 e6 5. Qc2 Nbd7 6. e3 Bd6 7. b3 O-O 8. Bb2 e5
9. dxe5 Nxe5 10. Nxe5 Bxe5 11. cxd5 cxd5 12. Be2 Bg4 13. O-O Rc8 14. f3 d4 15.
fxg4 dxc3 16. Bc1 Qd6 17. g3 Rfd8 18. a4 Rc7 19. Rd1 Qe7 20. Ba3 Bd6 21. Bxd6
Rxd6 22. Rxd6 Qxd6 23. Rd1 Qe7 24. Bc4 Qxe3+ 0-1

[Event "World Rapid Team 2023"]
[Site "Dusseldorf GER"]
[Date "2023.08.28"]
[Round "9.11"]
[Board "5"]
[White "Besou, Hussain"]
[Black "Braeutigam, Alexander"]
[Result "1-0"]
[WhiteTitle "FM"]
[WhiteElo "2364"]
[BlackElo "1911"]
[WhiteTeam "Schachverein Hemer"]
[BlackTeam "Doppelbauer Kiel"]
[WhiteFideId "16269950"]
[BlackFideId "16245210"]
[EventDate "2023.08.26"]

1. e4 c5 2. Nc3 d6 3. d4 cxd4 4. Qxd4 Nc6 5. Qd2 Nf6 6. b3 g6 7. Bb2 Bg7 8.
O-O-O a6 9. Kb1 b5 10. f3 Bb7 11. Nd5 Ne5 12. g4 Bxd5 13. exd5 Rc8 14. h4 Qc7
15. Rh2 Qc5 16. Rg2 Kf8 17. h5 h6 18. hxg6 Nxg6 19. c4 bxc4 20. Bxc4 Ne5 21.
Bxa6 Ra8 22. Bf1 Qa7 23. Bd4 Qa3 24. Qb2 Nxd5 25. Qxa3 Rxa3 26. Bxe5 Bxe5 27.
Rxd5 e6 28. Rdd2 Ke7 29. Rc2 Rha8 30. Rc7+ Kf6 31. Bd3 Rxb3+ 32. axb3 Ra1+ 33.
Kc2 Ra2+ 34. Kd1 Rxg2 35. Ne2 Rf2 36. f4 Bxf4 37. Nxf4 Rxf4 38. Rc4 Rf3 39. Ke2
Rh3 40. b4 d5 41. Rf4+ Ke7 42. Rf3 Rh2+ 43. Rf2 Rh4 44. Rg2 f5 45. Kf3 Rh3+ 46.
Rg3 fxg4+ 47. Kxg4 Rh2 48. b5 Rb2 49. Kf4 Kd6 50. Rg6 h5 51. Rh6 Rb3 52. Ke3 h4
53. Kd2 h3 54. Kc2 Rb4 55. Kc3 Kc5 56. Rxe6 Rh4 57. Re1 h2 58. Rh1 Rh3 59. Kd2
Kd4 60. Bf1 Rh6 61. Ke2 Kc3 62. Kf3 d4 63. Kg3 d3 64. Rxh2 d2 65. Be2 Re6 66.
Kf2 Kc2 67. Rh1 Rf6+ 68. Bf3 Rb6 69. Rh5 Rf6 70. Rc5+ Kb3 71. Rd5 Kc4 72. Rxd2
Kxb5 73. Ke3 Kc4 74. Rc2+ Kb3 75. Rc7 Rd6 76. Be4 Kb4 77. Bd3 Re6+ 78. Kd2 Rh6
79. Rc4+ Kb3 80. Rc5 Rh2+ 81. Be2 Rh4 82. Rc3+ Kb4 83. Kc2 Rh2 84. Rc4+ Kb5 85.
Re4+ Kc5 86. Kc3 Rh3+ 87. Bd3 Rh5 88. Ra4 Kb6 89. Ra6+ Kc7 90. Kd4 Rg5 91. Be4
Rh5 92. Bd5 Kd7 93. Rf6 Ke7 94. Re6+ Kd7 95. Kc5 Rh2 96. Rf6 Rd2 97. Rf7+ Ke8
98. Rg7 Kf8 99. Rh7 Rb2 100. Kd6 Rb6+ 101. Ke5 Ra6 102. Be6 Ra1 103. Kf6 Rf1+
104. Bf5 Rg1 105. Bh3 Rg3 106. Rh4 Rf3+ 107. Bf5 Rg3 108. Bg4 Kg8 109. Be6+ 1-0

[Event "World Rapid Team 2023"]
[Site "Dusseldorf GER"]
[Date "2023.08.28"]
[Round "9.11"]
[Board "6"]
[White "Braeutigam, Katerina"]
[Black "Xue, Luka"]
[Result "1-0"]
[WhiteElo "1884"]
[BlackElo "1925"]
[WhiteTeam "Doppelbauer Kiel"]
[BlackTeam "Schachverein Hemer"]
[WhiteFideId "16242980"]
[BlackFideId "16277252"]
[EventDate "2023.08.26"]

1. e4 e6 2. d4 d5 3. e5 c5 4. c3 Nc6 5. Nf3 Bd7 6. a3 Nge7 7. Bd3 cxd4 8. cxd4
Qb6 9. Bc2 Nf5 10. Bxf5 exf5 11. Nc3 Be6 12. b4 Rc8 13. Bb2 Be7 14. O-O g5 15.
Na4 Qb5 16. Rc1 g4 17. Ne1 Bg5 18. Rc5 Qa6 19. b5 Qa5 20. bxc6 Qa6 21. cxb7 Qxb7
22. Rxc8+ Bxc8 23. Nd3 Bd7 24. Ndc5 Qb5 25. Nxd7 Qxd7 26. Nc5 Qc7 27. Qa4+ Kf8
28. Qc2 Qc8 29. Bc1 f4 30. g3 1-0

[Event "World Rapid Team 2023"]
[Site "Dusseldorf GER"]
[Date "2023.08.28"]
[Round "9.12"]
[Board "1"]
[White "Bologan, Victor"]
[Black "Seel, Christian"]
[Result "1-0"]
[WhiteTitle "GM"]
[BlackTitle "IM"]
[WhiteElo "2574"]
[BlackElo "2477"]
[WhiteTeam "FIDE Management Board"]
[BlackTeam "Aachener Schachverein von 1856"]
[WhiteFideId "13900048"]
[BlackFideId "4663098"]
[EventDate "2023.08.26"]

1. e4 e5 2. Nf3 d6 3. Bc4 Nf6 4. d3 Be7 5. O-O O-O 6. c3 Nc6 7. Re1 h6 8. h3 Nh7
9. Be3 Ng5 10. Nbd2 g6 11. d4 Bf6 12. dxe5 dxe5 13. b4 Kg7 14. a4 Be6 15. Bxg5
Bxg5 16. Bxe6 Bxd2 17. Qxd2 fxe6 18. Qe3 Qf6 19. Qc5 Rfd8 20. b5 Qe7 21. Qe3 Na5
22. Nxe5 Qd6 23. Qg3 g5 24. h4 Qe7 25. f4 Nb3 26. Rad1 Nc5 27. Rd4 Nb3 28. Rb4
Nc5 29. Rc4 a6 30. fxg5 hxg5 31. Nf3 axb5 32. Qe5+ Qf6 33. Rxc5 Qxe5 34. Nxe5 c6
35. axb5 Ra2 36. Nf3 1-0

[Event "World Rapid Team 2023"]
[Site "Dusseldorf GER"]
[Date "2023.08.28"]
[Round "9.12"]
[Board "2"]
[White "Koch, Thomas1"]
[Black "Short, Nigel D"]
[Result "1/2-1/2"]
[WhiteTitle "IM"]
[BlackTitle "GM"]
[WhiteElo "2426"]
[BlackElo "2592"]
[WhiteTeam "Aachener Schachverein von 1856"]
[BlackTeam "FIDE Management Board"]
[WhiteFideId "4600533"]
[BlackFideId "400025"]
[EventDate "2023.08.26"]

1. d4 Nf6 2. c4 e6 3. Nf3 d5 4. Nc3 Be7 5. Bg5 h6 6. Bh4 O-O 7. e3 b6 8. Bd3 Bb7
9. O-O Nbd7 10. Qe2 Ne4 11. Bxe7 Qxe7 12. cxd5 exd5 13. Ba6 Nxc3 14. bxc3 Bxa6
15. Qxa6 c5 16. a4 Qd6 17. a5 Rac8 18. Rab1 Rc7 19. axb6 axb6 20. Rb5 Rfc8 21.
Qa2 g6 22. g3 Kg7 23. Qb3 Qe6 24. Rd1 Qf5 25. Nh4 Qh5 26. dxc5 Nxc5 27. Qxd5
Qxd5 28. Rxd5 Na4 29. Rd2 Rxc3 30. Nf3 R8c5 31. Rb4 b5 32. Nd4 R3c4 33. Rxb5
Rxd4 34. Rxd4 Rxb5 35. Rxa4 h5 36. Kg2 Rb2 37. Kf3 Rc2 38. h4 Rb2 39. Rd4 Rc2
40. e4 Ra2 41. Rd3 Kf6 42. Ke3 Rb2 43. Rd2 Rb4 44. Kf4 Ra4 45. f3 Rb4 46. g4
hxg4 47. fxg4 Rb1 48. Rd6+ Kg7 49. h5 gxh5 50. gxh5 Rf1+ 51. Kg5 Rg1+ 52. Kf5
Rf1+ 53. Ke5 f6+ 54. Ke6 Rf4 55. Rd7+ Kh6 56. e5 1/2-1/2

[Event "World Rapid Team 2023"]
[Site "Dusseldorf GER"]
[Date "2023.08.28"]
[Round "9.12"]
[Board "3"]
[White "Al-Mudahka, Mohd"]
[Black "Klein, Felix"]
[Result "1-0"]
[WhiteTitle "GM"]
[BlackTitle "FM"]
[WhiteElo "2542"]
[BlackElo "2300"]
[WhiteTeam "FIDE Management Board"]
[BlackTeam "Aachener Schachverein von 1856"]
[WhiteFideId "12100030"]
[BlackFideId "24600458"]
[EventDate "2023.08.26"]

1. e4 c5 2. Nc3 e6 3. f4 d5 4. Nf3 d4 5. Ne2 Nc6 6. d3 Bd6 7. g3 Nge7 8. Bg2 f5
9. e5 Bc7 10. c4 dxc3 11. bxc3 b5 12. O-O a5 13. c4 bxc4 14. dxc4 Qxd1 15. Rxd1
Ba6 16. Be3 Bxc4 17. Nc3 Nd5 18. Nxd5 Bxd5 19. Bxc5 h6 20. Nd4 Nxd4 21. Bxd5
exd5 22. Rxd4 Kf7 23. Rxd5 Rhd8 24. Rad1 Ke6 25. Rxd8 Rxd8 26. Rxd8 Bxd8 27. Kf2
g5 28. Ke3 Kd5 29. Bf8 h5 30. h3 Bb6+ 31. Kf3 g4+ 32. hxg4 hxg4+ 33. Ke2 Bd4 34.
Ba3 Bc3 35. Bc1 Bd4 36. Be3 Bb2 37. a4 Ba3 38. Bd2 Kc4 39. Bxa5 Kb3 40. Bd8 Kxa4
41. e6 1-0

[Event "World Rapid Team 2023"]
[Site "Dusseldorf GER"]
[Date "2023.08.28"]
[Round "9.12"]
[Board "4"]
[White "Ahn, Martin"]
[Black "Iashvili, Akaki"]
[Result "1-0"]
[WhiteTitle "FM"]
[BlackTitle "IM"]
[WhiteElo "2153"]
[BlackElo "2342"]
[WhiteTeam "Aachener Schachverein von 1856"]
[BlackTeam "FIDE Management Board"]
[WhiteFideId "200972"]
[BlackFideId "13600281"]
[EventDate "2023.08.26"]

1. e4 Nf6 2. e5 Nd5 3. d4 d6 4. c4 Nb6 5. f4 dxe5 6. fxe5 c5 7. d5 g6 8. Nf3 Bg7
9. Bd3 Bg4 10. Bf4 e6 11. Nc3 N8d7 12. Qe2 exd5 13. cxd5 Bxf3 14. gxf3 c4 15.
Bc2 O-O 16. Bg3 Nxe5 17. Bxe5 Re8 18. f4 Qh4+ 19. Qf2 Bxe5 20. fxe5 Rxe5+ 21.
Kf1 Qh3+ 22. Qg2 Qh4 23. Qg3 Qd4 24. Rd1 Qe3 25. Qxe3 Rxe3 26. Kf2 Re5 27. Rhe1
Rae8 28. Rxe5 Rxe5 29. d6 1-0

[Event "World Rapid Team 2023"]
[Site "Dusseldorf GER"]
[Date "2023.08.28"]
[Round "9.12"]
[Board "5"]
[White "Reizniece-Ozola, Dana"]
[Black "Rache, Ralf"]
[Result "1-0"]
[WhiteTitle "WGM"]
[WhiteElo "2268"]
[BlackElo "1914"]
[WhiteTeam "FIDE Management Board"]
[BlackTeam "Aachener Schachverein von 1856"]
[WhiteFideId "11601124"]
[BlackFideId "1270447"]
[EventDate "2023.08.26"]

1. c4 Nf6 2. Nc3 d5 3. cxd5 Nxd5 4. g3 g6 5. Bg2 Nxc3 6. bxc3 Bg7 7. h4 h5 8.
Rb1 Nd7 9. Nf3 O-O 10. O-O c5 11. Ng5 Qc7 12. d4 Nb6 13. Bf4 e5 14. dxe5 Bxe5
15. Bxe5 Qxe5 16. Qc2 Rb8 17. a4 Nd5 18. Rbc1 b6 19. e4 Nc7 20. f4 Qe7 21. e5
Bf5 22. Qb3 Ne6 23. Rcd1 Nxg5 24. hxg5 Rbd8 25. Bd5 Bc8 26. Rd2 Bb7 27. c4 Bc8
28. Re1 Kg7 29. Qc3 Be6 30. a5 Rh8 31. axb6 axb6 32. Rb1 Rb8 33. Rdb2 Bf5 34.
Ra1 h4 35. e6+ Kg8 36. exf7+ Kf8 37. Qxh8# 1-0

[Event "World Rapid Team 2023"]
[Site "Dusseldorf GER"]
[Date "2023.08.28"]
[Round "9.12"]
[Board "6"]
[White "Ahn, Anastasia"]
[Black "Ozols, Andris"]
[Result "1-0"]
[WhiteElo "1592"]
[BlackElo "1490"]
[WhiteTeam "Aachener Schachverein von 1856"]
[BlackTeam "FIDE Management Board"]
[WhiteFideId "252220"]
[BlackFideId "11605456"]
[EventDate "2023.08.26"]

1. d4 Nf6 2. Nc3 d5 3. Bf4 e6 4. Nb5 Na6 5. e3 Be7 6. Nf3 c6 7. Nc3 O-O 8. Bxa6
bxa6 9. Na4 Bd6 10. Ne5 Qc7 11. O-O Nd7 12. Nxd7 Bxd7 13. Bxd6 Qxd6 14. Nc5 Rab8
15. b3 Rb6 16. Na4 Rbb8 17. Qe2 e5 18. Qxa6 Qg6 19. Qe2 exd4 20. exd4 Rbe8 21.
Qf3 Qxc2 22. Nc5 Bc8 23. Rfc1 Qb2 24. Qc3 Re2 25. Qxb2 Rxb2 26. Nd3 Rd2 27. Rd1
Rxd1+ 28. Rxd1 a5 29. f4 f6 30. Rc1 Bf5 31. Nc5 Re8 32. Kf2 Bg4 33. Re1 Rxe1 34.
Kxe1 Bf5 35. Nb7 Bb1 36. a3 a4 37. bxa4 Kf8 38. Nd8 Ke8 39. Nxc6 Kd7 40. Nb4 Kd6
41. Kd2 g5 42. fxg5 fxg5 43. a5 Bf5 44. Ke3 h5 45. g3 Be6 46. h4 gxh4 47. gxh4
Bc8 48. Kf4 Bg4 49. Kg5 Be2 50. a6 Kc7 51. Nxd5+ Kc6 52. Nb4+ Kb6 53. d5 Bg4 54.
Kf6 Bc8 55. Ke7 Bg4 56. d6 1-0

[Event "World Rapid Team 2023"]
[Site "Dusseldorf GER"]
[Date "2023.08.28"]
[Round "9.13"]
[Board "1"]
[White "Rendle, Thomas E"]
[Black "Niering, Martin"]
[Result "1-0"]
[WhiteTitle "IM"]
[WhiteElo "2385"]
[BlackElo "2156"]
[WhiteTeam "The Sharks"]
[BlackTeam "MagdeBurg and Friends"]
[WhiteFideId "408760"]
[BlackFideId "4612817"]
[EventDate "2023.08.26"]

1. d4 Nf6 2. c4 d6 3. Nf3 Nbd7 4. g3 e5 5. Bg2 c6 6. O-O e4 7. Ne1 d5 8. Nc3 Be7
9. cxd5 cxd5 10. Qb3 Nb6 11. a4 a5 12. Nc2 h6 13. Bf4 Be6 14. Ne3 O-O 15. Nb5
Nc4 16. Nxc4 dxc4 17. Qc2 Bd5 18. Nc3 Bb4 19. Nxe4 Bxe4 20. Bxe4 Qxd4 21. Bxb7
Rad8 22. Bf3 Qc5 23. Rac1 g5 24. Be3 Qc6 25. Bxc6 1-0

[Event "World Rapid Team 2023"]
[Site "Dusseldorf GER"]
[Date "2023.08.28"]
[Round "9.13"]
[Board "2"]
[White "Katz, Roland"]
[Black "Roberson, Peter T"]
[Result "0-1"]
[BlackTitle "IM"]
[WhiteElo "2035"]
[BlackElo "2433"]
[WhiteTeam "MagdeBurg and Friends"]
[BlackTeam "The Sharks"]
[WhiteFideId "4623916"]
[BlackFideId "412384"]
[EventDate "2023.08.26"]

1. e4 e6 2. d4 d5 3. exd5 exd5 4. c4 Nf6 5. Nc3 Bb4 6. h3 O-O 7. Nf3 Ne4 8. Qb3
Re8 9. Be3 Bxc3+ 10. bxc3 c5 11. cxd5 cxd4 12. cxd4 Qa5+ 13. Kd1 Bd7 14. a4 Na6
15. Bd2 Nxf2+ 16. Kc1 Qc7+ 17. Bc4 Nxh1 18. Kb2 Rac8 19. Rc1 Qb6 20. Rxh1 Rxc4 0-1

[Event "World Rapid Team 2023"]
[Site "Dusseldorf GER"]
[Date "2023.08.28"]
[Round "9.13"]
[Board "3"]
[White "Moreby, James"]
[Black "Kuhne, Detlev"]
[Result "0-1"]
[WhiteTitle "FM"]
[WhiteElo "2279"]
[BlackElo "2050"]
[WhiteTeam "The Sharks"]
[BlackTeam "MagdeBurg and Friends"]
[WhiteFideId "427756"]
[BlackFideId "4642872"]
[EventDate "2023.08.26"]

1. c4 c5 2. Nf3 Nf6 3. Nc3 Nc6 4. d4 cxd4 5. Nxd4 g6 6. e4 d6 7. Be2 Bg7 8. Be3
O-O 9. O-O Bd7 10. f3 Rc8 11. Qd2 a6 12. Rac1 Nxd4 13. Bxd4 Qa5 14. Rfd1 Rfe8
15. Rb1 Qh5 16. a4 Be6 17. b3 Bh6 18. Qe1 Bf4 19. g3 Be5 20. Qf2 Bxd4 21. Qxd4
Qc5 22. f4 Bg4 23. Bxg4 Nxg4 24. Nd5 Qxd4+ 25. Rxd4 Kg7 26. Nb6 Rc6 27. a5 Nf6
28. e5 dxe5 29. fxe5 Ng8 30. Rd7 Rb8 31. Rbd1 Rc5 32. R1d5 Rc6 33. b4 Re6 34. b5
f6 35. bxa6 bxa6 36. Ra7 fxe5 37. Rxa6 e4 38. Kf2 Nf6 39. Rb5 e3+ 40. Ke2 Rd8
41. Rb2 Ne4 42. Ra8 Nc3+ 43. Kf1 Rd1+ 44. Kg2 Rd2+ 45. Rxd2 exd2 46. Rd8 Rd6 0-1

[Event "World Rapid Team 2023"]
[Site "Dusseldorf GER"]
[Date "2023.08.28"]
[Round "9.13"]
[Board "4"]
[White "Domsgen, Bernd"]
[Black "Bremner, Adam"]
[Result "0-1"]
[BlackTitle "CM"]
[WhiteElo "1917"]
[BlackElo "2176"]
[WhiteTeam "MagdeBurg and Friends"]
[BlackTeam "The Sharks"]
[WhiteFideId "24629073"]
[BlackFideId "2400847"]
[EventDate "2023.08.26"]

1. e4 c5 2. Nf3 g6 3. d4 cxd4 4. Nxd4 Nc6 5. Nxc6 bxc6 6. Qd4 Nf6 7. e5 Nd5 8.
e6 Nf6 9. exd7+ Bxd7 10. Bc4 Bg7 11. O-O O-O 12. Rd1 Qa5 13. Nc3 Nd5 14. Qh4 Be6
15. Nxd5 cxd5 16. Bb3 Rac8 17. Qxe7 Rfe8 18. Qa3 Qxa3 19. bxa3 Bxa1 20. Be3 d4
21. Bg5 Bxb3 22. cxb3 Bc3 0-1

[Event "World Rapid Team 2023"]
[Site "Dusseldorf GER"]
[Date "2023.08.28"]
[Round "9.13"]
[Board "5"]
[White "Ivanov, Elizabeth"]
[Black "Giebel, Christine"]
[Result "1-0"]
[WhiteElo "1601"]
[BlackElo "1830"]
[WhiteTeam "The Sharks"]
[BlackTeam "MagdeBurg and Friends"]
[WhiteFideId "427284"]
[BlackFideId "12926418"]
[EventDate "2023.08.26"]

1. e4 c6 2. d4 d5 3. f3 Nf6 4. Nc3 e6 5. Bg5 Be7 6. Bxf6 Bxf6 7. e5 Be7 8. Bd3
Qb6 9. Nge2 c5 10. Bb5+ Nc6 11. a4 O-O 12. a5 Nxa5 13. Qd3 c4 14. Qd2 Nc6 15.
Bxc6 Qxc6 16. h4 f5 17. Kf2 Qe8 18. Nf4 Qf7 19. Rag1 Bd7 20. Nce2 h5 21. Ng3 g6
22. Nge2 Kh7 23. Ke1 b5 24. g4 fxg4 25. fxg4 Rg8 26. gxh5 gxh5 27. Ng3 Raf8 28.
Ngxh5 Rxg1+ 29. Rxg1 Bxh4+ 30. Kd1 Rg8 31. Rh1 1-0

[Event "World Rapid Team 2023"]
[Site "Dusseldorf GER"]
[Date "2023.08.28"]
[Round "9.14"]
[Board "1"]
[White "Helbig, Mark"]
[Black "Lux, Hugo de Melo"]
[Result "0-1"]
[WhiteTitle "FM"]
[BlackTitle "FM"]
[WhiteElo "2307"]
[BlackElo "2324"]
[WhiteTeam "Neustadt Weinstrasse"]
[BlackTeam "Ecole Polytechnique Francaise de Lausanne"]
[WhiteFideId "4675622"]
[BlackFideId "2138298"]
[EventDate "2023.08.26"]

1. d4 d5 2. Nf3 Nf6 3. Bf4 Nh5 4. Bc1 Nf6 5. c4 c6 6. e3 Bf5 7. Nc3 e6 8. Be2
Nbd7 9. O-O Bd6 10. h3 h6 11. Bd3 Bxd3 12. Qxd3 O-O 13. e4 dxe4 14. Nxe4 Nxe4
15. Qxe4 Nf6 16. Qe2 Qc7 17. b3 a5 18. Bb2 Rfe8 19. a4 Rad8 20. Rfd1 Bb4 21.
Rac1 Qf4 22. Qe5 Qxe5 23. Nxe5 Ne4 24. Nd3 Be7 25. Re1 Nd2 26. Rcd1 Nxb3 27. Ne5
c5 28. d5 exd5 29. cxd5 Bf6 30. f4 Bh4 31. g3 Bxg3 32. Re3 Bxf4 33. Rxb3 Bxe5
34. Bxe5 Rxe5 35. d6 Rd7 36. Rb5 Re6 37. Rb6 Re4 38. Rd5 Rd4 39. Rxc5 R4xd6 40.
Rxd6 Rxd6 41. Rxa5 Ra6 0-1

[Event "World Rapid Team 2023"]
[Site "Dusseldorf GER"]
[Date "2023.08.28"]
[Round "9.14"]
[Board "2"]
[White "Pak, Alexander"]
[Black "Teuffer, Michael"]
[Result "1-0"]
[WhiteElo "2170"]
[BlackElo "2189"]
[WhiteTeam "Ecole Polytechnique Francaise de Lausanne"]
[BlackTeam "Neustadt Weinstrasse"]
[WhiteFideId "4164717"]
[BlackFideId "24680427"]
[EventDate "2023.08.26"]

1. b3 e6 2. Bb2 f5 3. e4 d5 4. exf5 exf5 5. Qh5+ Ke7 6. Ba3+ Ke6 7. Nf3 Bxa3 8.
Nxa3 g6 9. Ng5+ Kd7 10. Qf3 Qe7+ 11. Be2 c6 12. c4 Qxg5 13. cxd5 Nf6 14. dxc6+
bxc6 15. O-O Nd5 16. Bc4 Bb7 17. b4 a6 18. Rfe1 f4 19. Qe4 Kc7 20. Rac1 Rd8 21.
b5 axb5 22. Nxb5+ Kb6 23. Qd4+ c5 24. Re6+ Nc6 25. Qb2 Nb4 26. a3 f3 27. Bf1
Rxd2 28. Qg7 Rc8 29. axb4 Re2 30. bxc5+ Kxb5 31. Bxe2+ fxe2 32. Qxb7+ 1-0

[Event "World Rapid Team 2023"]
[Site "Dusseldorf GER"]
[Date "2023.08.28"]
[Round "9.14"]
[Board "4"]
[White "Deregnaucourt, Lucas"]
[Black "Mader, Lena"]
[Result "1-0"]
[WhiteElo "2076"]
[BlackElo "1841"]
[WhiteTeam "Ecole Polytechnique Francaise de Lausanne"]
[BlackTeam "Neustadt Weinstrasse"]
[WhiteFideId "26057794"]
[BlackFideId "24653560"]
[EventDate "2023.08.26"]

1. c4 Nf6 2. Nf3 g6 3. b3 Bg7 4. Bb2 c5 5. g3 Nc6 6. Bg2 O-O 7. Nc3 d6 8. d4
cxd4 9. Nxd4 Bd7 10. O-O Nxd4 11. Qxd4 Bc6 12. Nd5 Rc8 13. Rfd1 b6 14. Qd2 Nxd5
15. Bxg7 Kxg7 16. Bxd5 Bxd5 17. Qxd5 Rc5 18. Qd4+ Kg8 19. b4 Re5 20. e4 Qc8 21.
f4 Rh5 22. Rd2 Qg4 23. Rf2 Rh3 24. Qd1 Qc8 25. Qd5 Qg4 26. Kg2 Rh5 27. Qd4 Rc8
28. Rc1 Rd8 29. c5 bxc5 30. bxc5 Qh3+ 31. Kg1 Rxc5 32. Rxc5 Rb8 33. Rc1 h5 34.
Qxa7 Re8 35. Qa4 Rf8 36. Qd4 h4 37. Qe3 hxg3 38. hxg3 Qe6 39. Rh2 f5 40. e5 dxe5
41. Qxe5 Qb6+ 42. Qc5 Qd8 43. a4 Rf6 44. a5 Rd6 45. Qc8 1-0

[Event "World Rapid Team 2023"]
[Site "Dusseldorf GER"]
[Date "2023.08.28"]
[Round "9.14"]
[Board "5"]
[White "Allmacher, Marco"]
[Black "Wasserfallen, Benedict"]
[Result "0-1"]
[WhiteElo "1524"]
[BlackElo "1853"]
[WhiteTeam "Neustadt Weinstrasse"]
[BlackTeam "Ecole Polytechnique Francaise de Lausanne"]
[WhiteFideId "16273311"]
[BlackFideId "1344927"]
[EventDate "2023.08.26"]

1. e4 c5 2. d4 cxd4 3. c3 dxc3 4. Nxc3 Nc6 5. Nf3 d6 6. Bc4 a6 7. O-O Nf6 8. e5
dxe5 9. Qxd8+ Nxd8 10. Nxe5 Be6 11. Bd3 g6 12. Be3 Bg7 13. Nc4 O-O 14. Rac1 Nc6
15. Rfd1 Rad8 16. Nb6 Ng4 17. Bc5 Bd4 18. Bxd4 Rxd4 19. Ne2 Rd6 20. Bb1 Rfd8 21.
Nc3 Nd4 22. Nba4 Ne2+ 23. Kf1 Nxc1 24. Rxc1 Nxh2+ 25. Kg1 Ng4 26. Nc5 Bc8 27. f3
Nf6 28. N5e4 Nxe4 29. Nxe4 Rd1+ 30. Rxd1 Rxd1+ 31. Kh2 Rxb1 0-1